<?xml version="1.0" encoding="UTF-8"?>
<record
    xmlns:xsi="http://www.w3.org/2001/XMLSchema-instance"
    xsi:schemaLocation="http://www.loc.gov/MARC21/slim http://www.loc.gov/standards/marcxml/schema/MARC21slim.xsd"
    xmlns="http://www.loc.gov/MARC21/slim">

  <leader>00954nam0a2200301   4500</leader>
  <controlfield tag="001">RU\NLR\bibl\57984</controlfield>
  <controlfield tag="005">20260406144011.0</controlfield>
  <datafield tag="010" ind1=" " ind2=" ">
    <subfield code="a">5-87671-063-6</subfield>
    <subfield code="9">11000</subfield>
  </datafield>
  <datafield tag="021" ind1=" " ind2=" ">
    <subfield code="a">RU</subfield>
    <subfield code="b">98-45540</subfield>
    <subfield code="9">2185</subfield>
  </datafield>
  <datafield tag="035" ind1=" " ind2=" ">
    <subfield code="a">(NLR Aleph) 000056540</subfield>
  </datafield>
  <datafield tag="090" ind1=" " ind2=" ">
    <subfield code="a">305899</subfield>
    <subfield code="c">305899</subfield>
  </datafield>
  <datafield tag="100" ind1=" " ind2=" ">
    <subfield code="a">19991111d1998    |||y0rusy50      ca</subfield>
  </datafield>
  <datafield tag="101" ind1="1" ind2=" ">
    <subfield code="a">rus</subfield>
    <subfield code="c">eng</subfield>
  </datafield>
  <datafield tag="102" ind1=" " ind2=" ">
    <subfield code="a">RU</subfield>
  </datafield>
  <datafield tag="105" ind1=" " ind2=" ">
    <subfield code="a">y   |||||||||</subfield>
  </datafield>
  <datafield tag="200" ind1="1" ind2=" ">
    <subfield code="a">&#x41E;&#x431;&#x435;&#x449;&#x430;&#x43D;&#x438;&#x435; &#x440;&#x43E;&#x437;&#x44B;</subfield>
    <subfield code="e">[&#x420;&#x43E;&#x43C;&#x430;&#x43D;]</subfield>
    <subfield code="f">&#x411;&#x440;&#x435;&#x43D;&#x434;&#x430; &#x414;&#x436;&#x43E;&#x439;&#x441;</subfield>
    <subfield code="g">[&#x41F;&#x435;&#x440;. &#x441; &#x430;&#x43D;&#x433;&#x43B;. &#x41B;. &#x411;&#x43E;&#x447;&#x430;&#x440;&#x43E;&#x432;&#x43E;&#x439;]</subfield>
  </datafield>
  <datafield tag="210" ind1=" " ind2=" ">
    <subfield code="a">&#x421;&#x41F;&#x431;.</subfield>
    <subfield code="c">&#x411;&#x438;&#x431;&#x43B;&#x438;&#x43E;&#x43F;&#x43E;&#x43B;&#x438;&#x441;</subfield>
    <subfield code="d">1998</subfield>
  </datafield>
  <datafield tag="215" ind1=" " ind2=" ">
    <subfield code="a">335 &#x441;.</subfield>
    <subfield code="d">17</subfield>
  </datafield>
  <datafield tag="225" ind1="1" ind2=" ">
    <subfield code="a">&#x421;&#x435;&#x440;&#x438;&#x44F; "&#x41A;&#x443;&#x43F;&#x438;&#x434;&#x43E;&#x43D;-&#x43A;&#x430;&#x43F;&#x440;&#x438;&#x437;"</subfield>
  </datafield>
  <datafield tag="686" ind1=" " ind2=" ">
    <subfield code="a">&#x428;6(7&#x421;&#x428;&#x410;)67-440.4</subfield>
  </datafield>
  <datafield tag="700" ind1=" " ind2="1">
    <subfield code="4">070</subfield>
    <subfield code="8">rus</subfield>
    <subfield code="7">ca</subfield>
    <subfield code="a">&#x414;&#x436;&#x43E;&#x439;&#x441;</subfield>
    <subfield code="b">&#x411;.</subfield>
    <subfield code="f">1954-</subfield>
    <subfield code="g">&#x411;&#x440;&#x435;&#x43D;&#x434;&#x430;</subfield>
    <subfield code="3">RU\NLR\auth\773985</subfield>
    <subfield code="9">113974</subfield>
  </datafield>
  <datafield tag="801" ind1=" " ind2="0">
    <subfield code="a">RU</subfield>
    <subfield code="b">NLR</subfield>
    <subfield code="c">19991111</subfield>
    <subfield code="g">PSBO</subfield>
  </datafield>
  <datafield tag="801" ind1=" " ind2="1">
    <subfield code="a">RU</subfield>
    <subfield code="b">NLR</subfield>
    <subfield code="c">19991111</subfield>
  </datafield>
  <datafield tag="852" ind1=" " ind2=" ">
    <subfield code="a">NLR</subfield>
    <subfield code="j">99-2/2604</subfield>
  </datafield>
  <datafield tag="942" ind1=" " ind2=" ">
    <subfield code="c">BOOK</subfield>
  </datafield>
  <datafield tag="980" ind1=" " ind2=" ">
    <subfield code="a">NB</subfield>
  </datafield>
  <datafield tag="995" ind1=" " ind2=" ">
    <subfield code="5">2013-10-26</subfield>
    <subfield code="b">NLR01</subfield>
    <subfield code="c">NLR01</subfield>
    <subfield code="e">RF8</subfield>
    <subfield code="f">56540-10</subfield>
    <subfield code="k">99-2/2604</subfield>
    <subfield code="o">0</subfield>
    <subfield code="r">BOOK</subfield>
    <subfield code="s">9922604_</subfield>
  </datafield>
</record>
